000 00650nam a22001817a 4500
003 UA-OsUOA
001 9260
007 ta
008 20041014b un ||||| |||| 00| 0 ukr d
100 _aВойтюк Н.
942 _cSA
040 _aUA-OsUOA
_cUA-OsUOA
_dUA-OsUOA
245 _aДихотомія " Серце - розум" у фразеологічній системі української мови
300 _aС.37-38
955 _a0
773 0 _w0
_tДивослово (українська мова й література в навчальних закладах)
_dКиїв
_d2004
_g№10
650 7 _aУкраїнська мова
_2UDC
999 _c295421
_d295421